Statistics for I-10 Road Trip

Click here to take the quiz!

General Stats

  • This quiz has been taken 33 times
  • The average score is 10 of 12

Answer Stats

#StateCity% Correct
1CALos Angeles
100%
4AZPhoenix
100%
9TXHouston
93%
11LANew Orleans
93%
8TXSan Antonio
93%
7TXEl Paso
89%
10LABaton Rouge
82%
12FLJacksonville
82%
6AZTucson
82%
3CASan Bernardino
71%
5AZChandler
46%
2CAFontana
18%

Score Distribution

Percentile by Number Answered

Percent of People with Each Score

Your Score History

You have not taken this quiz